000
00220 a2200097 4500
001
48639
100
_a
Harvey, D.G.T
245
_a
British civil Aviations
260
_a
London
_b
George G Harrap
_c
090
_c
31566
_d
31566
942
_a
NUST-CAE
_c
M
_c
23965
999
_c
283712
_d
283712